Идеал и реальность: Профессиональные качества библиотекаря; Библиотечное дело; № 2

Chi tiết về thư mục
Parent link:Библиотечное дело: ежемесячный журнал.— , 2003-
№ 2.— 2004.— С. 35-37
Tác giả chính: Збаровская Н. В. Наталья Владиславовна
Ngôn ngữ:Tiếng Nga
Được phát hành: 2004
Loạt:Есть такая профессия
Những chủ đề:
Định dạng: MixedMaterials Chương của sách
KOHA link:https://koha.lib.tpu.ru/cgi-bin/koha/opac-detail.pl?biblionumber=400377

MARC

LEADER 00000naa2a2200000 4500
001 400377
005 20231101065401.0
035 |a (RuTPU)RU\TPU\prd\42667 
035 |a RU\TPU\prd\42665 
090 |a 400377 
100 |a 20060411a2004 k y0rusy50 ca 
101 0 |a rus 
102 |a RU 
200 1 |a Идеал и реальность   |e Профессиональные качества библиотекаря  |f Н. В. Збаровская 
225 1 |a Есть такая профессия 
320 |a Библиогр.: 5 назв. 
461 0 |0 (RuTPU)RU\TPU\prd\12643  |t Библиотечное дело  |o ежемесячный журнал  |d 2003- 
463 1 |0 (RuTPU)RU\TPU\prd\24944  |t № 2  |v С. 35-37  |d 2004 
610 1 |a библиотекари 
610 1 |a профессия 
610 1 |a профессиональные качества 
610 1 |a моделирующие игры 
700 1 |a Збаровская  |b Н. В.  |g Наталья Владиславовна 
801 1 |a RU  |b 63413507  |c 20050421  |g PSBO 
801 2 |a RU  |b 63413507  |c 20060411  |g PSBO 
942 |c BK